00320nam a2200145Ia 4500100002400000650001400024250000600038366000700044654001300051245002600064260004500090082001900135300000800154546001200162 aPfleeger/Charles P  aComputing a4 f20 asecurity aSecurity in computing bPrentice -Hall of IndiaaNew Delhic2007 a005.8/PFLbPFL a845 aENGLISH